01586cam a2200265 a 45000010008000000030004000080050017000120080041000290100017000700200016000870400017001030500018001200820020001381000019001582450152001772460101003292600046004303000035004765040064005115050403005756500082009788560096010608560088011568560076012444018414OSt20221011124919.0971003s1998 njua bf 001 0 eng  a 97042870  a0876281447  aDLCcLCdDLC00aRJ506.H9.F62 00a618.92/85892211 aFlick, Grad L.10aADD/ADHD behavior-change resource kit: ready-to-use strategies & activities for helping children with attention deficit disorder. /cGrad L. Flick.3 aAttention Deficit Disorder/Attention Deficit Hyperactivity Disorder behavior-change resource kit aSan Francisco:bJohn Wiley & Sons,c1998. axxiv, 391 p. :bill. ;c28 cm. aIncludes bibliographical references (p. 371-375) and index. aContents: Essential background information -- Diagnosis and treatment of ADD/ADHD -- Looking at behavior: the A-B-Cs of behavior-change programs -- Managing behavior -- Social skills -- Homework issues for parents -- Expanding home programs to include school behavior -- Effective behavioral techniques for teachers -- General activities and games -- Survival training for parents and teachers --  0aAttention-deficit hyperactivity disorderxTreatmentvHandbooks, manuals, etc.423Contributor biographical informationuhttp://www.loc.gov/catdir/bios/wiley045/97042870.html423Publisher descriptionuhttp://www.loc.gov/catdir/description/wiley039/97042870.html413Table of contentsuhttp://www.loc.gov/catdir/toc/wiley023/97042870.html